La raíz ontológica de la crisis ambiental. El magisterio de su santidad Bartolomé (Registro nro. 63991)
[ vista simple ]
| 000 -LÍDER | |
|---|---|
| Campo fijo de descripción fija | 01519nas a2200229 4500 |
| 001 - NÚMERO DE CONTROL | |
| Campo de control | 768714001 |
| 003 - IDENTIFICADOR DEL NÚMERO DE CONTROL | |
| Campo de control | CO-MdFUSB |
| 005 - FECHA Y HORA DE LA ULTIMA TRANSACCIÓN | |
| control field | 20170825104512.0 |
| 008 - ELEMENTOS DE LONGITUD FIJA -- INFORMACIÓN GENERAL | |
| Campo fijo de descripción fija -- Información general | 170822s2017 ck ||||| |||| 00| 0 spa d |
| 022 ## - NÚMERO INTERNACIONAL NORMALIZADO PARA PUBLICACIONES SERIADAS | |
| Número Internacional Normalizado para Publicaciones Seriadas | 0120-3649 |
| 040 ## - FUENTE DE CATALOGACIÓN | |
| Agencia Catalogadora | CO-MdFUSB |
| Idioma de catalogación | spa |
| Agencia que realiza la transcripción | CO-MdFUSB |
| Agencia que realiza la modificación | CO-MdFUSB |
| 041 ## - CÓDIGO DE IDIOMA | |
| Código de idioma para texto/pista de sonido o título separado | spa |
| 100 ## - ASIENTO PRINCIPAL--NOMBRE PERSONAL | |
| Nombre personal | Cárdenas Támara, Felipe |
| Término relacionador | autor |
| 245 ## - TÍTULO | |
| Título | La raíz ontológica de la crisis ambiental. El magisterio de su santidad Bartolomé |
| Mención de responsabilidad | / Cárdenas Támara, Felipe |
| 300 ## - DESCRIPCIÓN FÍSICA | |
| Extensión | Volumen 67. Número 183 (2017), páginas 35-61 |
| Dimensiones | : 24 cm. |
| 520 1# - NOTA DE RESUMEN, ETC. | |
| Nota de sumario, etc. | Con base en el pensamiento ambiental del patriarca de Constantinopla, se estudia la importancia de considerar la crisis y problemática ambiental a la luz de la conceptualización que destaque la significación del argumento ontológico como categoría de sentido clave para el pensamiento ambiental. El Patriarca ha desarrollado una rica argumentación ambiental relacionada con los fundamentos teológicos, espirituales y religiosos del cristianismo. Se destaca como resultado de la investigación la rica argumentación ambiental y los sentidos profundos que proporciona la teología ortodoxa en la comprensión de las causas y soluciones de la problemática ambiental contemporánea. |
| 653 ## - TÉRMINO DE INDIZACIÓN - NO CONTROLADO | |
| Término no controlado | Ontología |
| 653 ## - TÉRMINO DE INDIZACIÓN - NO CONTROLADO | |
| Término no controlado | Teología ortodoxa |
| 653 ## - TÉRMINO DE INDIZACIÓN - NO CONTROLADO | |
| Término no controlado | Crisis y cosmología ambiental |
| 773 0# - ASIENTO DE ITEM FUENTE | |
| Biblionumber | 49424 |
| Itemnumber | 76096 |
| Lugar, editorial y fecha de publicación | Bogotá |
| Otro identificador del ítem | R1632 |
| Título | Theologica Xaveriana |
| Número de control del registro | (CO-MdFUSB)63 |
| Número Internacional Normalizado para Publicaciones Seriadas (ISSN) | 0120-3649 |
| Parte(s) relacionada(s) / Volumen., número. (mes año), páginas | Volumen 67. Número 183 (2017), páginas 35-61 |
| Enumeración y primera página | Página 35 |
| 942 ## - TIPO DE MATERIAL (KOHA) | |
| Tipo de Item KOHA | Artículos de Revista |
| Expurgo - (Retirado) | Estado de Perdido | Estado de Dañado | No prestable | Ubicación habitual | Ubicación actual | Ubicación en Estantería | Fecha de Adquisición | Tipo de Material |
|---|---|---|---|---|---|---|---|---|
| Biblioteca FUSBC | Biblioteca FUSBC | Hemeroteca | 22/08/2017 | Artículos de Revista |
